| 000 | 01623cam a2200421 i 4500 | ||
|---|---|---|---|
| 001 | sjds20224394 | ||
| 003 | sjds | ||
| 005 | 20240403101244.0 | ||
| 008 | 171218t20182018nyua a 000 1 eng | ||
| 010 | _a 2017054309 | ||
| 020 |
_a9781524773502 _q(trade) |
||
| 020 | _a1524773506 | ||
| 020 |
_a9781524773519 _q(lib. bdg.) |
||
| 040 |
_aDLC _beng _cDLC _erda _dDLC |
||
| 042 |
_apcc _alcac |
||
| 050 | 0 | 0 |
_aPZ7.1.C4648 _bElb 2018 |
| 082 | 0 | 0 |
_a[E] _223 |
| 100 | 1 |
_aCena, John, _eauthor. |
|
| 245 | 1 | 0 |
_aElbow Grease / _cby John Cena ; illustrated by Howard McWilliam. |
| 260 |
_aNew York : _bRandom Hoouse, _cc2018 |
||
| 264 | 1 |
_aNew York : _bRandom House, _c[2018] |
|
| 264 | 4 | _cc2018 | |
| 300 |
_a1 volume (unpaged) : _bcolor illustrations ; _c27 x 27 cm |
||
| 336 |
_atext _btxt _2rdacontent |
||
| 336 |
_astill image _bsti _2rdacontent |
||
| 337 |
_aunmediated _bn _2rdamedia |
||
| 338 |
_avolume _bnc _2rdacarrier |
||
| 520 | _aElbow Grease, a small, electric truck with a lot of gumption, enters the Monster Truck Grand Prix to prove to his brothers that he is just as capable as they are. | ||
| 650 | 1 |
_aMonster trucks _vFiction. |
|
| 650 | 1 |
_aTrucks _vFiction. |
|
| 650 | 1 |
_aDetermination _vFiction. |
|
| 650 | 1 |
_aAbility _vFiction. |
|
| 650 | 1 |
_aBrothers _vFiction. |
|
| 700 | 1 |
_aMcWilliam, Howard, _d1977- _eillustrator. |
|
| 776 | 0 | 8 |
_iOnline version: _aCena, John, author. _tElbow Grease _dNew York : Doubleday, [2018] _z9781524773526 _w(DLC) 2018001487 |
| 942 | _cBK | ||
| 999 |
_c29414 _d29412 |
||